| 000 | 00331nam a22001337a 4500 | ||
|---|---|---|---|
| 020 | _a978-81-318-0859-7 | ||
| 082 |
_a840 _bVER/C |
||
| 100 | _aN.K.VERMA, S.K.KHANNA, Dr.B.KAPILA | ||
| 245 | _aCOMPREHENSIVE CHEMISTRY | ||
| 260 |
_aDELHI _bLAXMI PUBLICATIONS |
||
| 300 | _a850 | ||
| 650 |
_aCHEMISTRY FOR CLASS XII _zINDIA |
||
| 942 | _cBK | ||
| 999 |
_c703 _d703 |
||